000 00933nam a2200181Ia 4500
008 090630s9999 xx 000 0 und d
082 _b14943
100 _aडॉ. देशपांडे / प्रा. हसमनीस.
245 _aपाणी पुरवठा व मलव्यवस्था.
_cडॉ. देशपांडे / प्रा. हसमनीस.
260 _bमहाराष्ट्र विद्यापीठ ग्रंथनिर्मिती मंडळ - नागपूर.
_c1978
300 _a675
600 _aडॉ. देशपांडे / प्रा. हसमनीस.
630 _aपाणी पुरवठा व मलव्यवस्था.
655 _aइतर.
700 _aडॉ. देशपांडे / प्रा. हसमनीस.
730 _aपाणी पुरवठा व मलव्यवस्था.
942 _cBOOK
999 _c266799
_d266799